| 000 | 01053cam a22002771i 4500 | ||
|---|---|---|---|
| 003 | SA-RiAUC | ||
| 005 | 20251022091253.0 | ||
| 008 | 251021s1993 su g 000 0 ara c | ||
| 020 | _a9960690148 | ||
| 040 |
_aSA-EnSBSSC _bara _cSA-RiAUC _erda |
||
| 082 | 0 | 4 |
_a213 _qSA-RiAUC |
| 090 |
_a213 _bا ب ن ح |
||
| 100 | 1 |
_aابن حميد، صالح بن عبد الله، _d1369 هجري- _eمؤلف. |
|
| 245 | 1 | 0 |
_aمفهوم الحكمة في الدعوة / _cصالح بن عبد الله بن محمد بن حميد. |
| 250 | _aالطبعة الأولى. | ||
| 264 | 1 |
_aالرياض : _bدار الوطن للنشر، _c1993 |
|
| 300 |
_a56 صفحة ؛ _c12 × 17 سم. |
||
| 336 |
_aنص _btxt _2rdacontent _3كتاب |
||
| 337 |
_aبدون وسيط _bn _2rdamedia |
||
| 338 |
_aمجلد _bnc _2rdacarrier |
||
| 490 | 0 |
_aمعالم في طريق الدعوة ؛ _v2 |
|
| 650 | 7 |
_aالوعظ والإرشاد _2aucsh |
|
| 650 | 7 |
_aالدعوة الإسلامية _2aucsh |
|
| 942 |
_2ddc _cBOOK _n0 |
||
| 949 |
_aSA-JeALM _d251021 _umohamedma123 _n1 |
||
| 999 |
_c12720 _d12720 |
||